Les 20 pays les plus grand du monde - Statistiques

Statistiques générales
  • Ce quiz a été pris 460 fois
  • Le résultat moyen est 14 sur 20
Statistiques - réponses
Top20 Pays % Correct
1 Russie
100%
3 USA
99%
2 Canada
98%
4 Chine
98%
5 Brésil
96%
6 Australie
90%
7 Inde
89%
8 Argentine
87%
10 Algérie
84%
14 Mexique
78%
19 Mongolie
71%
9 Kazakhstan
69%
13 Arabie Saoudite
63%
15 Indonésie
61%
18 Iran
57%
12 Danemark
45%
16 Soudan
45%
20 Pérou
43%
17 Libye
38%
11 RDC
31%
Aucun quiz correspondant
Distribution des résultats
% des personnes avec chaque résultat
Percentile par nombre de réponses
Votre historique - résultats
Vous n’avez pas pris ce quiz